[Event "North American-ch U12"]
[Site "Montreal"]
[Date "2010.08.19"]
[Round "7"]
[White "Baki, Shaumik"]
[Black "Lim, Victor"]
[Result "0-1"]
[WhiteElo "1210"]
[BlackElo "1110"]
[PlyCount "62"]
[EventDate "2010.08.16"]
[EventType "swiss"]
[EventRounds "7"]
[EventCountry "CAN"]
[SourceTitle "EXT 2013"]
[Source "ChessBase"]
[SourceDate "2012.11.22"]
[SourceVersion "1"]
[SourceVersionDate "2012.11.22"]
[SourceQuality "1"]

1. e4 c5 2. Nc3 d6 3. g3 Nf6 4. Bg2 g6 5. d3 Bg7 6. f4 e6 7. Nf3 0-0 8. 0-0 Nc6 9. h3 a6 10. Be3 b5 11. e5 Ne8 12. exd6 Qxd6 13. Ne4 Qc7 14. Bxc5 Ne7 15. c3 f5 16. Bxe7 Qxe7 17. Nf2 Bb7 18. Re1 h6 19. d4 Rd8 20. Nd3 Nf6 21. Nc5 Be4 22. Kh2 Rc8 23. Nxa6 Rfd8 24. Qb3 Qb7 25. Nc5 Rxc5 26. dxc5 Bxf3 27. Qxe6+ Kh7 28. c6 Rd2 29. cxb7 Rxg2+ 30. Kh1 Nh5 31. b8Q Nxg3# 0-1